00190nam a22000737a 4500003000400000245004500004260006000049300000700109SGT aJOURNAL OF COMPUTING RESEARCH(JAN- JUNE) aGURGAON (HARYANA) bINTERNATIONAL SCIENCES PRESS c2013 a83